Znovuzrodenie chynorianskeho ochotníctva

Bibliographic Details
Main Author: Beňová, Marcela (Author)
Format: Article
Language:Slovak
PhysicalDescription:Fotogr.
ISSN:0323-2883
Subjects:

MARC

LEADER 00000nab a2200000 a 4500
001 vtls009522110
003 SK-MaSNL
005 20260305032835.0
008 250506c2009 xo qr|p|||||||000 b|slo
015 |a SNBRB2009/06  |2 snkbucl 
035 |a (uuid)93e99e65-5eaf-40df-83a1-a074c2123f33 
035 |a urn:nbn:sk:snk-abdroh 
035 |a (urnnbn)urn:nbn:sk:snk:ar-0013kr 
038 |a SNKBUCL 
040 |a SNKBUCL  |b slo  |c SNKBUCL  |e AACR2 
041 0 |a slo 
044 |a xo  |c SK 
080 |a 792.077  |x (437.6)  |2 2001 
100 1 |a Beňová, Marcela  |4 aut  |9 1032362 
245 1 0 |a Znovuzrodenie chynorianskeho ochotníctva  |c Marcela Beňová 
300 |b Fotogr. 
650 0 7 |a ochotnícke divadlo  |2 snkucl  |9 3349 
651 7 |a Chynorany (Slovensko)  |2 snkbucl  |9 51953 
651 7 |a Partizánske (Slovensko : okres)  |2 snkbucl  |9 73600 
773 0 |t Javisko  |g Roč. 41, č. 2 (2009), s. 38-39  |x 0323-2883 
850 |a Slovenská národná knižnica 
852 |a Slovenská národná knižnica 
954 |a odborná, vedecká literatúra pôvodná (slovenská)  |2 lita 
958 |a article19 
958 |a OND 
958 |a SK 
958 |a EUIPO 
999 |c 3321883  |d 3323813